00874 a2200181 45000010006000000050017000060080041000230030015000640400040000790800073001192450045001922640028002373000024002655050350002890410008006391000018006477000027006656331020260407155930.0260407a1969 arg spa dAR-UNSa-BCEJYS aAR-UNSa-BCEJYSbspacAR-UNSa-BCEJYS a510xConsideraciones fundamentales y generales de las matemáticas 10aIntroducción a la matemática moderna 1aMadrid :bAguilarc1969 axvi, 608 p.c21 cm. a1. Preliminares - 2. Sistemas de números - 3. Polinomios - 4. Conjuntos - 5. Proposiciones y probabilidad - 6. Grupos y cuerpos - 7. Relaciones y funciones - 8. Geometrías - 9. Limites y continuidad - 10. Cálculo - 11. Desarrollos - 12. Funciones elementales - 13. Algebra lineal - 14. Sistemas lineales - 15. Algunos desarrollos formales. aspa1 aAllen, R.G.D.1 aGarcía Araez, Rafael